02441 am a2200493 a 450000500170000000800410001702000150005804100080007310000310008124500620011225000210017426000540019530000160024950001410026565300460040665300610045265300690051365300450058265300640062765300570069165300410074865300220078965300370081165300590084865300600090765300930096765300680106065300460112865300530117465300580122765300630128565300440134865300410139265300450143365300470147865300580152565300720158365300520165565300310170765300780173865300510181665300450186770000350191220240613094018.0100809s19982003sp a | |||| 00| 0 spa d a8479034041 aspa1 aLópez Chicharro, José. aFisiología del ejercicio / cJosé López Chicharro. a2a ed. 2a reimp. aMadrid: bEditorial Médica Panamericana;c2003. a329 p.bil. aLópez Chicharro, J. y Fernández Vaquero, A. (2003). Fisiología del ejercicio. (2a ed.). Madrid : Editorial Médica Panamericana. aHistoria de la fisiología del ejercicio aMetabolismo y utilización de sustratos en el ejercicio aInteracción de los sistemas energéticos durante el ejercicio aControl nervioso del movimiento muscular aFunciones motoras del tallo encefálico y ganglios basales aControl cortical y cerebeloso de la función motora aSistema simpaticoadrenal y ejercicio aFibras musculares aDesarrollo de la fuerza muscular aRespuestas y adaptaciones hematológicas al ejercicio aRespuestas y adaptaciones cardiovasculares al ejercicio aRegulación de la circulación periférica y de la tensión arterial en el ejercicio aFisiopatología de la función cardiovascular en el ejercicio aVentilacion pulmonar durante el ejercicio aDifusión y transporte de gases en el ejercicio aRegulación de la ventilación durante el ejercicio aFisiopatología de la enfermedad pulmonar en el ejercicio aEquilibrio ácido-base en el ejercicio aFunción renal y ejercicio físico aEjercicio y sistema endócrino hormonal aFunción gastrointestinal en el ejercicio aPrincipios generales de la valoración ergométrica aConsumo de oxígeno: concepto, bases fisiológicas y aplicaciones aConcepto y valoración del umbral anaeróbico aParámetros ergonómicos aFisiopatología de las alteraciones funcionales limitantes del ejercicio aPrincipios genrales del entrenamiento físico aEfectos fisiológicos del entrenamiento1 aFernández Vaquero, Almudena.